Retrouve les chansons de Zazie - Statistiques

Statistiques générales
  • Ce quiz a été pris 39 fois
  • Le résultat moyen est 12 sur 22
Answers on the Grid
Answers color-coded by a green-red scale on the quiz's grid according to % correct below.
Larsen
Chanson d'ami
Que mon coeur lâche
Danse avec les loops
Dis-lui toi que je t'aime
Je tu ils
Sucré salé
FM Air
Le chant des colombes
Les yeux de la mama
Je suis un homme
Let It Shine
Zen
Rue de la paix
Discold
Un homme debout
Avant l'amour
Être et avoir
Maman
Mobile homme
Rodéo
Toc toc toc
Speed
Homme sweet homme
J'étais là
Le chant des sirènes
Des rails
Adam & Yves
Face à la mer
Un point c'est toi
 
Statistiques - réponses
Réponse % Correct
Je suis un homme
88%
Zen
85%
Rue de la paix
82%
Larsen
79%
Un point c'est toi
79%
Rodéo
67%
Speed
67%
Homme sweet homme
58%
Chanson d'ami
55%
Je tu ils
55%
Sucré salé
52%
Être et avoir
48%
J'étais là
48%
Toc toc toc
45%
Adam & Yves
42%
Danse avec les loops
42%
Des rails
42%
FM Air
42%
Let It Shine
39%
Mobile homme
36%
Discold
33%
Avant l'amour
27%
Aucun quiz correspondant
Distribution des résultats
% des personnes avec chaque résultat
Percentile par nombre de réponses
Votre historique - résultats
Vous n’avez pas pris ce quiz